[Event "II Torneio Aberto Internacional de Xadrez de Ferreira do Alentejo"]
[Site "Ferreira do Alentejo - Portugal"]
[Date "2019.12.19"]
[Round "4.1"]
[White "Maksimenko, Andrei"]
[Black "Alekseev, Evgeny"]
[Result "0-1"]
[BlackElo "2620"]
[WhiteElo "2463"]
[LiveChessVersion "1.4.8"]

1. d4 {[%clk 1:30:58]} Nf6 {[%clk 1:25:16]} 2. c4 {[%clk 1:31:19]} e6
{[%clk 1:25:44]} 3. Nf3 {[%clk 1:31:40]} d5 {[%clk 1:25:35]} 4. g3
{[%clk 1:32:02]} dxc4 {[%clk 1:23:47]} 5. Bg2 {[%clk 1:32:23]} Nc6
{[%clk 1:23:13]} 6. Qa4 {[%clk 1:32:40]} Nd7 {[%clk 1:21:10]} 7. Qxc4
{[%clk 1:32:55]} Nb6 {[%clk 1:21:36]} 8. Qb5 {[%clk 1:13:53]} a6 {[%clk 1:04:46]}
9. Qd3 {[%clk 1:14:15]} e5 {[%clk 1:04:41]} 10. Nxe5 {[%clk 1:14:19]} Nb4
{[%clk 1:05:06]} 11. Qc3 {[%clk 1:13:55]} Qxd4 {[%clk 1:05:26]} 12. Qxd4
{[%clk 0:52:46]} Nc2+ {[%clk 1:04:03]} 13. Kd1 {[%clk 0:53:12]} Nxd4
{[%clk 1:04:27]} 14. Be3 {[%clk 0:53:30]} Nb5 {[%clk 1:00:15]} 15. Bxb6
{[%clk 0:51:59]} cxb6 {[%clk 1:00:28]} 16. Nd2 {[%clk 0:50:51]} Nd6
{[%clk 1:00:12]} 17. Ne4 {[%clk 0:41:00]} Bf5 {[%clk 0:50:43]} 18. Nxd6+
{[%clk 0:34:13]} Bxd6 {[%clk 0:50:07]} 19. Nd3 {[%clk 0:32:56]} O-O-O
{[%clk 0:49:29]} 20. e4 {[%clk 0:26:45]} Be6 {[%clk 0:32:39]} 21. Ke2
{[%clk 0:24:42]} f6 {[%clk 0:30:30]} 22. Rhd1 {[%clk 0:16:21]} Kb8
{[%clk 0:28:41]} 23. b3 {[%clk 0:13:24]} g5 {[%clk 0:24:55]} 24. f4
{[%clk 0:11:55]} Rhe8 {[%clk 0:23:21]} 25. Bf3 {[%clk 0:08:18]} Bd7
{[%clk 0:16:48]} 26. Kf2 {[%clk 0:07:46]} Bb5 {[%clk 0:16:33]} 27. e5
{[%clk 0:04:43]} fxe5 {[%clk 0:11:22]} 28. Nxe5 {[%clk 0:04:36]} gxf4
{[%clk 0:10:54]} 29. gxf4 Bc5+ {[%clk 0:09:48]} 30. Kg3 {[%clk 0:04:12]} Rg8+
{[%clk 0:08:51]} 31. Kh3 {[%clk 0:04:28]} Bd4 {[%clk 0:08:50]} 32. Rab1
{[%clk 0:03:08]} Rd6 {[%clk 0:07:22]} 33. Nf7 Bd7+ {[%clk 0:05:22]} 34. Kh4
{[%clk 0:03:33]} Bf2+ {[%clk 0:04:57]} 35. Kh5 {[%clk 0:04:02]} Rxd1
{[%clk 0:05:08]} 36. Rxd1 {[%clk 0:04:29]} Be8 {[%clk 0:05:19]} 37. Bd5
{[%clk 0:04:37]} Rf8 {[%clk 0:05:14]} 38. Kh6 {[%clk 0:04:58]} Bxf7
{[%clk 0:04:45]} 39. Kg7 Bh5 {[%clk 0:04:45]} 40. Kxf8 {[%clk 0:03:07]} Bxd1
{[%clk 0:04:54]} 41. f5 {[%clk 0:03:31]} Bd4 {[%clk 0:03:35]} 42. Ke7
{[%clk 0:03:41]} Kc7 {[%clk 0:02:57]} 43. f6 {[%clk 0:03:56]} Bh5
{[%clk 0:03:01]} 44. f7 {[%clk 0:03:43]} Bc5+ {[%clk 0:02:41]} 45. Ke8
{[%clk 0:02:57]} b5 {[%clk 0:02:29]} 46. h3 {[%clk 0:02:39]} Bg6 {[%clk 0:02:04]}
47. h4 {[%clk 0:02:31]} b4 {[%clk 0:01:59]} 48. Bf3 {[%clk 0:02:52]} h5
{[%clk 0:01:15]} 49. Be2 {[%clk 0:02:25]} b5 {[%clk 0:01:39]} 50. Bf3
{[%clk 0:02:45]} a5 {[%clk 0:01:48]} 51. Be2 {[%clk 0:02:53]} Kb6
{[%clk 0:02:10]} 52. Bf3 {[%clk 0:02:58]} a4 {[%clk 0:01:55]} 53. Bd1
{[%clk 0:03:19]} Bb1 {[%clk 0:00:42]} 54. bxa4 {[%clk 0:03:29]} bxa4
{[%clk 0:00:44]} 55. Bxa4 {[%clk 0:03:36]} Bxa2 {[%clk 0:00:42]} 56. f8=Q
{[%clk 0:04:00]} Bxf8 {[%clk 0:01:07]} 57. Kxf8 {[%clk 0:04:28]} b3
{[%clk 0:01:33]} 58. Kg7 {[%clk 0:04:40]} b2 {[%clk 0:01:39]} 59. Bc2
{[%clk 0:05:04]} Bb3 {[%clk 0:01:54]} 60. Bb1 {[%clk 0:03:17]} Kc5
{[%clk 0:02:12]} 61. Kg6 {[%clk 0:03:33]} Bd1 {[%clk 0:02:35]} 62. Kf5
{[%clk 0:03:39]} Kd4 {[%clk 0:03:00]} 63. Kf4 {[%clk 0:04:06]} Kc3
{[%clk 0:03:21]} 64. Ba2 {[%clk 0:04:16]} Bb3 {[%clk 0:03:34]} 65. Bb1
{[%clk 0:04:39]} Bc2 {[%clk 0:04:02]} 66. Ba2 {[%clk 0:04:56]} Kb4
{[%clk 0:04:27]} 0-1

[Event "II Torneio Aberto Internacional de Xadrez de Ferreira do Alentejo"]
[Site "Ferreira do Alentejo - Portugal"]
[Date "2019.12.19"]
[Round "4.2"]
[White "Chatalbashev, Boris"]
[Black "Malakhatko, Vadim"]
[Result "1/2-1/2"]
[BlackElo "2470"]
[WhiteElo "2542"]
[LiveChessVersion "1.4.8"]

1. c4 {[%clk 1:30:58]} c6 {[%clk 1:30:52]} 2. g3 {[%clk 1:30:37]} d5
{[%clk 1:31:15]} 3. Bg2 {[%clk 1:31:03]} Nf6 {[%clk 1:31:20]} 4. Nf3
{[%clk 1:30:59]} g6 {[%clk 1:31:42]} 5. d4 {[%clk 1:29:11]} Bg7 {[%clk 1:32:03]}
6. Qb3 {[%clk 1:29:10]} O-O {[%clk 1:32:25]} 7. O-O {[%clk 1:29:27]} a5
{[%clk 1:32:50]} 8. cxd5 {[%clk 1:29:24]} a4 {[%clk 1:33:15]} 9. Qa3
{[%clk 1:29:41]} cxd5 {[%clk 1:30:12]} 10. Nc3 {[%clk 1:25:12]} Ne4 11. Ne5 Nxc3
{[%clk 1:18:46]} 12. bxc3 {[%clk 1:25:13]} Nc6 {[%clk 1:19:35]} 13. Nxc6
{[%clk 1:24:18]} bxc6 14. e4 e6 {[%clk 1:03:11]} 15. Bf4 {[%clk 1:18:34]} Ba6
{[%clk 1:02:07]} 16. Rfe1 {[%clk 1:10:40]} Bd3 {[%clk 1:00:25]} 17. Bd6 Re8
{[%clk 1:00:33]} 18. e5 {[%clk 1:10:38]} Bf8 {[%clk 1:00:59]} 19. Bxf8
{[%clk 1:07:56]} Rxf8 {[%clk 0:59:40]} 20. Re3 Bc4 21. Bf1 {[%clk 0:55:14]} Bxf1
{[%clk 0:59:45]} 22. Rxf1 Qa5 {[%clk 0:55:36]} 23. g4 {[%clk 0:51:39]} c5 24. Qc1
cxd4 {[%clk 0:49:14]} 25. Rh3 {[%clk 0:36:22]} f6 26. exf6 {[%clk 0:28:45]} Rxf6
{[%clk 0:48:43]} 27. cxd4 {[%clk 0:28:20]} Qb6 {[%clk 0:43:50]} 28. Qh6
{[%clk 0:28:21]} Rf7 29. Qe3 {[%clk 0:25:42]} Raf8 {[%clk 0:43:17]} 30. f4
{[%clk 0:20:15]} Rc8 {[%clk 0:35:59]} 31. Rhf3 {[%clk 0:19:37]} Rc4
{[%clk 0:14:32]} 32. Kg2 {[%clk 0:17:13]} Rxd4 33. Rc1 Rb4 {[%clk 0:12:56]} 34.
Rc8+ {[%clk 0:17:17]} Rf8 {[%clk 0:13:49]} 35. Rxf8+ {[%clk 0:16:57]} Kxf8
{[%clk 0:03:32]} 36. Qc3 Kg8 37. Qc8+ {[%clk 0:16:16]} Kg7 {[%clk 0:03:59]} 38.
Qd7+ {[%clk 0:16:36]} Kg8 39. Qe8+ {[%clk 0:15:47]} Kg7 {[%clk 0:04:51]} 40. Qe7+
{[%clk 0:15:41]} Kg8 {[%clk 0:01:31]} 41. Kh3 Rxf4 42. Qe8+ {[%clk 0:07:12]} Kg7
{[%clk 0:01:56]} 43. Qe7+ {[%clk 0:07:35]} Kg8 {[%clk 0:02:45]} 44. Qe8+
{[%clk 0:04:46]} Kg7 45. Qd7+ Kg8 {[%clk 0:02:49]} 46. Qc8+ {[%clk 0:03:58]} Kg7
47. Qd7+ {[%clk 0:04:08]} Kg8 {[%clk 0:03:32]} 48. Qe8+ 1/2-1/2

[Event "II Torneio Aberto Internacional de Xadrez de Ferreira do Alentejo"]
[Site "Ferreira do Alentejo - Portugal"]
[Date "2019.12.19"]
[Round "4.3"]
[White "Liu, Zhaoqi"]
[Black "Li, Zhuoling"]
[Result "1-0"]
[BlackElo "2158"]
[WhiteElo "2380"]
[LiveChessVersion "1.4.8"]

1. c4 {[%clk 1:30:31]} Nf6 {[%clk 1:30:55]} 2. Nc3 {[%clk 1:30:56]} d5
{[%clk 1:31:19]} 3. cxd5 {[%clk 1:31:07]} Nxd5 {[%clk 1:31:44]} 4. Nf3
{[%clk 1:31:31]} g6 {[%clk 1:28:06]} 5. g3 {[%clk 1:31:53]} Bg7 {[%clk 1:27:43]}
6. Bg2 {[%clk 1:32:15]} O-O {[%clk 1:26:26]} 7. O-O {[%clk 1:32:18]} c5 8. Ng5
Nxc3 {[%clk 1:12:30]} 9. dxc3 {[%clk 1:29:21]} Qc7 {[%clk 1:08:59]} 10. Bf4
{[%clk 1:24:42]} e5 {[%clk 1:00:57]} 11. Be3 {[%clk 1:24:20]} h6 {[%clk 0:55:09]}
12. Ne4 {[%clk 1:12:46]} Na6 13. Qd6 {[%clk 1:13:10]} Qxd6 {[%clk 0:53:27]} 14.
Nxd6 {[%clk 1:04:52]} Rb8 {[%clk 0:46:44]} 15. Rfd1 {[%clk 1:01:07]} b6 16. Nb5
{[%clk 1:01:17]} Bg4 {[%clk 0:39:02]} 17. Kf1 {[%clk 0:57:22]} Be6
{[%clk 0:21:07]} 18. f4 {[%clk 0:52:40]} Rbd8 {[%clk 0:20:43]} 19. fxe5 g5 20.
Rxd8 {[%clk 0:46:25]} Rxd8 {[%clk 0:21:11]} 21. Nxa7 {[%clk 0:46:19]} Nb8
{[%clk 0:14:08]} 22. a4 {[%clk 0:43:11]} Rd7 23. Nc8 {[%clk 0:43:26]} Bxe5
{[%clk 0:09:53]} 24. Nxb6 {[%clk 0:42:16]} Rc7 {[%clk 0:09:59]} 25. Rd1
{[%clk 0:40:35]} Kg7 {[%clk 0:06:52]} 26. Nd5 Ra7 {[%clk 0:07:15]} 27. Bxc5
{[%clk 0:38:53]} Rxa4 28. Nb4 {[%clk 0:37:49]} Bb3 {[%clk 0:05:38]} 29. Rd8 Na6
{[%clk 0:02:18]} 30. Nxa6 {[%clk 0:38:08]} Rxa6 {[%clk 0:02:43]} 31. Bd4 Kf6
{[%clk 0:01:35]} 32. Bxe5+ {[%clk 0:37:44]} Kxe5 33. Rb8 {[%clk 0:37:07]} Be6
{[%clk 0:01:42]} 34. Kf2 {[%clk 0:37:15]} Ra5 {[%clk 0:01:24]} 35. b4
{[%clk 0:34:08]} Ra3 {[%clk 0:00:50]} 36. b5 Rxc3 {[%clk 0:01:08]} 37. b6
{[%clk 0:34:31]} Kd6 {[%clk 0:01:08]} 38. Rd8+ {[%clk 0:34:53]} Ke7 39. b7 Kxd8
{[%clk 0:01:29]} 40. b8=Q+ {[%clk 0:35:16]} Rc8 {[%clk 0:01:46]} 41. Qd6+
{[%clk 0:35:17]} Bd7 {[%clk 0:01:38]} 42. Bh3 Rc7 {[%clk 0:01:57]} 43. Bxd7
{[%clk 0:35:40]} Rxd7 {[%clk 0:02:22]} 44. Qxh6 {[%clk 0:36:19]} Rd5 45. h4
{[%clk 0:36:38]} gxh4 {[%clk 0:02:03]} 46. gxh4 Ke7 {[%clk 0:02:11]} 47. h5
{[%clk 0:36:53]} Re5 {[%clk 0:02:09]} 48. Qh8 {[%clk 0:37:04]} f6
{[%clk 0:01:25]} 49. Qg7+ {[%clk 0:37:24]} 1-0

[Event "II Torneio Aberto Internacional de Xadrez de Ferreira do Alentejo"]
[Site "Ferreira do Alentejo - Portugal"]
[Date "2019.12.19"]
[Round "4.4"]
[White "Huhndorf, Arnold"]
[Black "Carrasco Martinez, Juan"]
[Result "1/2-1/2"]
[BlackElo "2385"]
[WhiteElo "2220"]
[BlackTeam ""]
[LiveChessVersion "1.4.8"]

1. d4 {[%clk 1:31:22]} Nf6 {[%clk 1:30:48]} 2. c4 {[%clk 1:31:22]} c5
{[%clk 1:31:15]} 3. d5 {[%clk 1:31:46]} b5 {[%clk 1:31:51]} 4. Nf3
{[%clk 1:32:23]} g6 5. cxb5 {[%clk 1:32:43]} a6 {[%clk 1:32:17]} 6. b6 d6
{[%clk 1:32:12]} 7. Nc3 {[%clk 1:33:00]} Nbd7 {[%clk 1:28:59]} 8. a4
{[%clk 1:31:57]} a5 {[%clk 1:29:09]} 9. e4 {[%clk 1:29:23]} Bg7 10. Bb5
{[%clk 1:29:41]} O-O {[%clk 1:28:29]} 11. O-O {[%clk 1:17:27]} Nxb6
{[%clk 1:19:41]} 12. Bf4 {[%clk 1:08:15]} Ba6 {[%clk 1:18:34]} 13. Qc2
{[%clk 1:07:58]} Bxb5 {[%clk 1:17:37]} 14. Nxb5 {[%clk 0:57:52]} Qd7
{[%clk 1:15:01]} 15. Rae1 {[%clk 0:57:02]} Rfc8 {[%clk 1:12:03]} 16. b3
{[%clk 0:52:50]} c4 17. Nfd4 {[%clk 0:53:15]} cxb3 {[%clk 1:10:55]} 18. Qxb3
{[%clk 0:53:15]} Rc4 {[%clk 1:03:17]} 19. Nc6 {[%clk 0:49:14]} Rxe4
{[%clk 1:03:38]} 20. Rxe4 {[%clk 0:47:37]} Nxe4 {[%clk 1:00:46]} 21. Nxd6
{[%clk 0:47:38]} exd6 {[%clk 1:00:06]} 22. Qxb6 {[%clk 0:42:49]} Nc3 23. Nb8
{[%clk 0:40:55]} Qc8 {[%clk 0:56:23]} 24. Bxd6 {[%clk 0:18:34]} Nxd5
{[%clk 0:52:08]} 25. Qb3 {[%clk 0:18:59]} Nb4 {[%clk 0:50:36]} 26. Qg3
{[%clk 0:18:20]} h5 {[%clk 0:36:23]} 27. h4 Na6 {[%clk 0:36:23]} 1/2-1/2

[Event "II Torneio Aberto Internacional de Xadrez de Ferreira do Alentejo"]
[Site "Ferreira do Alentejo - Portugal"]
[Date "2019.12.19"]
[Round "4.5"]
[White "Nie, Xin"]
[Black "Fernandes, Antonio"]
[Result "1/2-1/2"]
[BlackElo "2361"]
[WhiteElo "2210"]
[BlackTeam "Ax Portugal / Atlantidiag"]
[LiveChessVersion "1.4.8"]

1. d4 {[%clk 1:31:11]} Nf6 2. c4 {[%clk 1:31:27]} g6 {[%clk 1:18:46]} 3. Nc3
{[%clk 1:31:41]} d5 {[%clk 1:19:10]} 4. cxd5 {[%clk 1:31:41]} Nxd5 5. Bd2
{[%clk 1:32:15]} Bg7 {[%clk 1:19:32]} 6. e4 {[%clk 1:32:29]} Nb6 {[%clk 1:17:33]}
7. Be3 {[%clk 1:32:47]} O-O {[%clk 1:14:45]} 8. h3 {[%clk 1:30:55]} Nc6
{[%clk 1:12:27]} 9. Nf3 {[%clk 1:22:42]} Na5 {[%clk 0:42:45]} 10. Be2
{[%clk 1:14:05]} Nac4 {[%clk 0:30:36]} 11. Bc1 {[%clk 1:03:04]} e5
{[%clk 0:30:04]} 12. dxe5 {[%clk 1:01:31]} Qxd1+ {[%clk 0:27:37]} 13. Kxd1
{[%clk 0:59:13]} c6 {[%clk 0:26:40]} 14. Kc2 Nxe5 {[%clk 0:26:17]} 15. Nxe5
{[%clk 0:48:14]} Bxe5 {[%clk 0:24:46]} 16. f4 {[%clk 0:39:30]} Bg7 17. g4
{[%clk 0:39:15]} Re8 {[%clk 0:24:30]} 18. Bd3 {[%clk 0:24:12]} Be6
{[%clk 0:12:33]} 19. e5 {[%clk 0:17:28]} Rad8 20. Ne4 Bd5 {[%clk 0:11:41]} 21. g5
{[%clk 0:16:55]} Bxe4 {[%clk 0:10:55]} 22. Bxe4 {[%clk 0:11:43]} Rd4
{[%clk 0:08:11]} 23. Re1 Bxe5 24. Bf3 {[%clk 0:07:47]} Rc4+ {[%clk 0:08:33]} 25.
Kb1 {[%clk 0:08:34]} Rxc1+ {[%clk 0:08:26]} 26. Kxc1 {[%clk 0:08:57]} Bxf4+
{[%clk 0:04:43]} 27. Kc2 Kf8 {[%clk 0:05:12]} 28. Rxe8+ {[%clk 0:08:11]} Kxe8
{[%clk 0:02:12]} 29. Re1+ {[%clk 0:08:52]} Kd8 30. h4 Bg3 {[%clk 0:01:38]} 31.
Re4 {[%clk 0:08:58]} Nc8 {[%clk 0:02:11]} 32. Rg4 {[%clk 0:07:44]} Bh2
{[%clk 0:02:38]} 33. Rg2 {[%clk 0:05:53]} Be5 {[%clk 0:03:01]} 34. Bg4
{[%clk 0:06:15]} Nd6 {[%clk 0:01:33]} 35. Kd3 {[%clk 0:05:31]} Bf4
{[%clk 0:01:12]} 36. Bh3 {[%clk 0:05:14]} Ke7 {[%clk 0:01:04]} 37. Rg4
{[%clk 0:04:50]} Bc1 {[%clk 0:01:00]} 38. Kc2 h5 39. Rg2 {[%clk 0:03:01]} Bf4
{[%clk 0:01:27]} 40. Kd3 {[%clk 0:03:33]} Be5 {[%clk 0:00:46]} 41. b3
{[%clk 0:03:39]} Kf8 42. Ke3 {[%clk 0:04:05]} Kg7 {[%clk 0:00:55]} 43. Kf3
{[%clk 0:04:09]} f6 {[%clk 0:01:02]} 44. Be6 {[%clk 0:04:00]} Nb5
{[%clk 0:00:38]} 45. Ke4 {[%clk 0:04:23]} Nd6+ {[%clk 0:00:54]} 46. Kf3
{[%clk 0:03:06]} Bc3 {[%clk 0:00:59]} 47. Ke2 {[%clk 0:02:48]} Bb2
{[%clk 0:00:38]} 48. Kf3 Bd4 49. Rd2 {[%clk 0:02:57]} Be5 {[%clk 0:01:02]} 50. a4
{[%clk 0:03:08]} a5 {[%clk 0:00:42]} 51. Rc2 Bd4 52. Rd2 {[%clk 0:03:31]} Bc5
{[%clk 0:00:32]} 53. Kf4 {[%clk 0:02:57]} Bb4 {[%clk 0:00:32]} 54. Rd4
{[%clk 0:02:22]} Ba3 {[%clk 0:00:33]} 55. Rd1 b5 {[%clk 0:00:57]} 56. Bd7
{[%clk 0:02:29]} bxa4 57. bxa4 fxg5+ {[%clk 0:01:07]} 58. hxg5 {[%clk 0:03:05]}
Nf7 {[%clk 0:01:11]} 59. Bxc6 {[%clk 0:03:20]} Bd6+ {[%clk 0:00:52]} 60. Ke3
{[%clk 0:02:58]} Bc5+ 61. Kf4 Bd6+ {[%clk 0:01:10]} 62. Ke3 {[%clk 0:03:27]} Bc5+
{[%clk 0:01:34]} 63. Kf4 1/2-1/2

[Event "II Torneio Aberto Internacional de Xadrez de Ferreira do Alentejo"]
[Site "Ferreira do Alentejo - Portugal"]
[Date "2019.12.19"]
[Round "4.6"]
[White "Schmitz, Manuela"]
[Black "Schmitz, Andreas Arnold"]
[Result "1/2-1/2"]
[BlackElo "2013"]
[WhiteElo "1914"]
[LiveChessVersion "1.4.8"]

1. d4 {[%clk 1:30:58]} d5 {[%clk 1:30:52]} 2. Nf3 {[%clk 1:31:20]} Nf6
{[%clk 1:31:16]} 3. Bf4 {[%clk 1:31:34]} Bf5 {[%clk 1:31:21]} 4. e3
{[%clk 1:31:50]} e6 {[%clk 1:31:31]} 5. Bd3 {[%clk 1:32:03]} Bxd3
{[%clk 1:31:45]} 6. Qxd3 {[%clk 1:32:24]} c6 {[%clk 1:31:51]} 7. Nbd2
{[%clk 1:32:36]} Bd6 {[%clk 1:31:57]} 8. Bxd6 {[%clk 1:32:49]} Qxd6
{[%clk 1:32:19]} 9. O-O {[%clk 1:33:04]} Nbd7 {[%clk 1:32:32]} 10. e4
{[%clk 1:33:15]} dxe4 {[%clk 1:32:39]} 11. Nxe4 {[%clk 1:33:36]} Nxe4
{[%clk 1:32:59]} 12. Qxe4 {[%clk 1:33:58]} Nf6 {[%clk 1:33:21]} 1/2-1/2

[Event "II Torneio Aberto Internacional de Xadrez de Ferreira do Alentejo"]
[Site "Ferreira do Alentejo - Portugal"]
[Date "2019.12.19"]
[Round "4.7"]
[White "Figuero Toro, Julian Francisco"]
[Black "Ramos, Alvaro Manuel Nobre"]
[Result "1-0"]
[BlackElo "1868"]
[WhiteElo "2240"]
[WhiteTeam "Cx Montemor-O-Velho/Ctga"]
[BlackTeam "CXFA"]
[LiveChessVersion "1.4.8"]

1. c4 {[%clk 1:31:06]} Nf6 {[%clk 1:30:17]} 2. Nc3 {[%clk 1:31:09]} g6
{[%clk 1:30:34]} 3. e4 {[%clk 1:31:09]} d6 {[%clk 1:30:36]} 4. d4
{[%clk 1:30:11]} Bg7 {[%clk 1:30:43]} 5. Be2 {[%clk 1:29:45]} O-O
{[%clk 1:30:15]} 6. Be3 {[%clk 1:24:19]} Nbd7 {[%clk 1:26:53]} 7. g4
{[%clk 1:23:48]} h6 {[%clk 1:25:36]} 8. h4 {[%clk 1:23:18]} c5 9. g5
{[%clk 1:23:42]} hxg5 {[%clk 1:25:46]} 10. hxg5 {[%clk 1:20:48]} Nh7
{[%clk 1:19:02]} 11. d5 {[%clk 1:19:17]} f6 {[%clk 1:17:54]} 12. gxf6
{[%clk 1:08:34]} Nhxf6 {[%clk 1:14:01]} 13. Qd2 {[%clk 1:07:38]} Rf7
{[%clk 1:13:11]} 14. Nh3 {[%clk 1:05:20]} Nh7 {[%clk 1:09:02]} 15. O-O-O
{[%clk 1:04:00]} Ndf8 {[%clk 1:06:32]} 16. Rdg1 {[%clk 1:04:26]} Bxh3
{[%clk 1:02:43]} 17. Rxh3 {[%clk 1:04:02]} Qe8 {[%clk 1:01:59]} 18. Bg4
{[%clk 1:04:15]} Rf6 {[%clk 1:00:46]} 19. Rgh1 {[%clk 1:04:07]} Qf7 20. e5
{[%clk 1:04:29]} dxe5 {[%clk 1:00:11]} 21. Ne4 {[%clk 1:04:08]} Ra6 22. Nxc5 Rxa2
{[%clk 0:55:22]} 23. Kb1 Nf6 {[%clk 0:55:39]} 24. Be6 {[%clk 1:03:34]} Nxe6
{[%clk 0:54:41]} 25. dxe6 {[%clk 1:03:31]} Rxb2+ {[%clk 0:54:27]} 26. Qxb2
{[%clk 1:02:54]} Qe8 {[%clk 0:51:45]} 27. Bh6 {[%clk 1:02:52]} Qc6
{[%clk 0:51:42]} 28. Bxg7 {[%clk 1:03:08]} Kxg7 {[%clk 1:30:30]} 29. Qxe5 1-0

[Event "II Torneio Aberto Internacional de Xadrez de Ferreira do Alentejo"]
[Site "Ferreira do Alentejo - Portugal"]
[Date "2019.12.19"]
[Round "4.8"]
[White "Guerreiro, Nuno"]
[Black "Avelino, Camila Biscaya"]
[Result "1-0"]
[BlackElo "1774"]
[WhiteElo "2083"]
[WhiteTeam "ADRC Mata de Benfica"]
[BlackTeam "ADRC Mata de Benfica"]
[LiveChessVersion "1.4.8"]

1. Nf3 {[%clk 1:30:42]} Nf6 {[%clk 1:30:38]} 2. g3 {[%clk 1:31:06]} g6
{[%clk 1:30:39]} 3. Bg2 {[%clk 1:31:32]} Bg7 {[%clk 1:30:26]} 4. O-O
{[%clk 1:31:55]} O-O {[%clk 1:30:28]} 5. c4 {[%clk 1:32:14]} d6 {[%clk 1:30:16]}
6. Nc3 {[%clk 1:31:57]} e5 {[%clk 1:29:51]} 7. d4 {[%clk 1:32:14]} Nbd7
{[%clk 1:25:19]} 8. h3 {[%clk 1:32:09]} a5 {[%clk 1:20:39]} 9. Be3
{[%clk 1:30:53]} c6 {[%clk 1:08:16]} 10. Rc1 {[%clk 1:30:28]} exd4
{[%clk 1:02:56]} 11. Bxd4 {[%clk 1:28:00]} Nb6 {[%clk 0:59:32]} 12. c5
{[%clk 1:26:19]} Nbd5 {[%clk 0:55:58]} 13. Nxd5 {[%clk 1:23:42]} Nxd5
{[%clk 0:51:00]} 14. cxd6 {[%clk 1:19:14]} Re8 {[%clk 0:47:20]} 15. Bxg7
{[%clk 1:15:55]} Kxg7 {[%clk 0:47:38]} 16. Qd4+ {[%clk 1:16:14]} Kg8
{[%clk 0:47:56]} 17. e4 {[%clk 1:15:33]} Nf6 {[%clk 0:47:36]} 18. Nd2
{[%clk 1:15:00]} Be6 {[%clk 0:46:08]} 19. a4 {[%clk 1:13:12]} Ra6
{[%clk 0:44:54]} 20. e5 {[%clk 1:06:24]} Nd5 {[%clk 0:44:29]} 21. Nc4
{[%clk 0:59:43]} Nb6 {[%clk 0:38:45]} 22. Ne3 {[%clk 0:59:18]} Nd7
{[%clk 0:34:51]} 23. f4 {[%clk 0:58:21]} Qb6 {[%clk 0:27:28]} 24. Qc3
{[%clk 0:55:07]} Qb4 {[%clk 0:24:11]} 25. g4 {[%clk 0:54:40]} Qxc3 26. Rxc3
{[%clk 0:54:07]} Rb6 {[%clk 0:19:17]} 27. Rf2 {[%clk 0:53:16]} Bb3
{[%clk 0:17:04]} 28. g5 {[%clk 0:49:50]} h5 {[%clk 0:15:17]} 29. gxh6
{[%clk 0:47:33]} f6 {[%clk 0:15:19]} 30. Ng4 {[%clk 0:45:59]} f5 {[%clk 0:13:42]}
31. Ne3 {[%clk 0:42:52]} Kh7 {[%clk 0:13:27]} 32. Bf1 {[%clk 0:39:52]} Be6
{[%clk 0:12:26]} 33. Nc4 {[%clk 0:38:53]} Rb4 {[%clk 0:11:44]} 34. Nxa5
{[%clk 0:38:03]} Kxh6 {[%clk 0:11:32]} 35. Bc4 {[%clk 0:36:22]} g5
{[%clk 0:07:06]} 36. fxg5+ {[%clk 0:28:54]} Kxg5 {[%clk 0:07:27]} 37. Rg3+
{[%clk 0:28:45]} Kh4 {[%clk 0:06:51]} 38. Kh2 {[%clk 0:28:03]} Bxc4
{[%clk 0:03:49]} 39. Rf4+ {[%clk 0:27:43]} Kh5 {[%clk 0:04:10]} 40. Nxc4
{[%clk 0:27:55]} Nxe5 {[%clk 0:03:15]} 1-0

[Event "II Torneio Aberto Internacional de Xadrez de Ferreira do Alentejo"]
[Site "Ferreira do Alentejo - Portugal"]
[Date "2019.12.19"]
[Round "4.9"]
[White "Wesslen, Ulf"]
[Black "Tieres, Cristiano"]
[Result "1-0"]
[BlackElo "1848"]
[WhiteElo "1932"]
[BlackTeam "EX Porto"]
[LiveChessVersion "1.4.8"]

1. d4 {[%clk 1:31:06]} Nf6 {[%clk 1:25:43]} 2. c4 {[%clk 1:31:06]} g6
{[%clk 1:26:05]} 3. Nc3 {[%clk 1:31:35]} Bg7 {[%clk 1:26:49]} 4. e4
{[%clk 1:31:35]} d6 {[%clk 1:26:49]} 5. f3 O-O {[%clk 1:27:28]} 6. Nge2
{[%clk 1:31:49]} Nbd7 {[%clk 1:27:42]} 7. Be3 {[%clk 1:29:13]} c5
{[%clk 1:27:27]} 8. Qd2 a6 {[%clk 1:27:27]} 9. O-O-O {[%clk 1:18:38]} Qa5
{[%clk 1:24:54]} 10. Kb1 b5 {[%clk 1:23:41]} 11. Nc1 {[%clk 1:14:01]} Rb8
{[%clk 1:22:58]} 12. Nb3 {[%clk 1:11:20]} Qb4 {[%clk 1:22:41]} 13. cxb5
{[%clk 1:01:50]} axb5 {[%clk 1:22:41]} 14. Nc1 {[%clk 0:58:28]} c4
{[%clk 1:21:37]} 15. g4 {[%clk 0:50:28]} Nb6 {[%clk 1:20:15]} 16. g5
{[%clk 0:46:44]} Nfd7 {[%clk 1:20:31]} 17. h4 {[%clk 0:46:44]} Re8
{[%clk 1:20:19]} 18. h5 {[%clk 0:46:36]} e6 {[%clk 1:20:19]} 19. Bf4
{[%clk 0:46:36]} Ra8 {[%clk 1:19:27]} 20. hxg6 {[%clk 0:28:19]} fxg6
{[%clk 1:19:27]} 21. Qh2 {[%clk 0:28:19]} e5 {[%clk 1:19:27]} 22. dxe5
{[%clk 0:24:46]} dxe5 {[%clk 1:16:19]} 23. Be3 {[%clk 0:19:15]} Nc5 24. a3
{[%clk 0:19:15]} Rxa3 {[%clk 1:15:59]} 25. N3a2 {[%clk 0:19:21]} Rxa2
{[%clk 1:15:59]} 26. Nxa2 {[%clk 0:19:21]} Qb3 {[%clk 1:16:39]} 27. Qxh7+
{[%clk 0:10:37]} Kf7 {[%clk 1:11:19]} 28. Rd6 {[%clk 0:10:54]} Ne6
{[%clk 1:11:09]} 29. Bxb6 {[%clk 0:06:52]} Rh8 {[%clk 1:11:32]} 30. Qxh8
{[%clk 0:06:52]} Bxh8 {[%clk 1:11:02]} 31. Rxh8 {[%clk 0:04:00]} Qxf3
{[%clk 1:04:00]} 32. Rxc8 {[%clk 0:04:18]} Qxf1+ {[%clk 1:03:41]} 33. Nc1
{[%clk 0:03:13]} Ke7 {[%clk 1:03:39]} 34. Rdc6 {[%clk 0:02:30]} Qf4
{[%clk 1:03:54]} 35. Ba5 {[%clk 0:02:41]} Qxe4+ {[%clk 1:04:02]} 36. Ka2
{[%clk 0:02:32]} Qc2 {[%clk 0:43:37]} 37. Ra6 {[%clk 0:02:51]} Qxc1
{[%clk 0:39:48]} 38. Rcc6 {[%clk 0:02:54]} Qxg5 {[%clk 0:38:07]} 39. Ra7+
{[%clk 0:03:04]} Nc7 {[%clk 0:38:30]} 40. Raxc7+ {[%clk 0:03:01]} Ke8
{[%clk 0:38:37]} 41. Re6+ {[%clk 0:03:07]} Kd8 {[%clk 0:38:58]} 42. Rf7+
{[%clk 0:03:31]} Kc8 43. Re8+ 1-0